000 00370nam a2200133Ia 4500
008 150202s9999 xx 000 0 und d
020 _a373056982
050 _aFIC
_bFIC
100 _aMcCauley, Barbara.
245 _aMan from cougar pass /
_cBarbara McCauley.
260 _aNew York :
_bSilhouette Books,
_c1992.
300 _a186 pages :
_c18 cm.
650 _aFiction.
999 _c282230
_d282230